000 00918nam a2200193Ia 4500
003 GCL
008 140319s9999 xx 000 0 ara d
020 _a1169303977
040 _aGCL /
_cGCL
082 0 4 _a100
_bح م
100 1 _aحسن حنفى
245 1 0 _aمن النقل الى الابداع :
_b( المجلد الاول النقل ) التدوين - النص - الشرح ( المجلد الثانى التحول ) العرض - التاليف - التراكم ( المجلد الثالث الابداع ) تكوين الحكمة - الحكمة النظرية - الحكمة العملية /
_cحسن حنفى
260 _aالقاهرة :
_bدار قباء للطباعة والنشر والتوزيع ،
_c2000
300 _aمتعدد ؛
_c24 سم
650 0 4 _aالفلسفة الحديثة
650 0 4 _aالحركات الفكرية
650 0 4 _aالفلسفة - نظريات
942 _2ddc
_cBK
999 _c3461
_d3461